Statistics for 20th Century Battleships and Battlecruisers

Click here to take the quiz!

General Stats

  • This quiz has been taken 133 times
    (98 since last reset)
  • The average score is 12 of 21

Answer Stats

QuestionAnswer% Correct
The battleship Bismarck sunk which British ship in May 1941?Hood
95%
Which US battleship was destroyed in a violent explosion in the attack on Pearl Harbour?Arizona
84%
What does a battlecruiser sacrifice to increase its speed?Armor
84%
Which two British capital ships formed Force Z in 1941?Prince of Wales
74%
What was the only class of British battleship to mount 16 inch guns?Nelson
70%
Repulse
64%
While not actually battleships, which class of German ship was referred to as 'pocket battleships' by the British?Deutschland
62%
Which Italian battleship was sunk by Fritz-X guided bombs in 1943?Roma
62%
Washington was the sister of which US Battleship?North Carolina
61%
The French Dunkerque class was succeeded by which class of battleship?Richelieu
61%
Cruiser HMS Jamaica may have finished off which battleship with torpedoes?Scharnhorst
61%
Which Japanese battleship survived the war, only to be sunk in a nuclear weapons test?Nagato
60%
Designer George Thurston helped to design which class of battlecruiser for a foreign power?Kongo
58%
HMS Hood was the only ship built of which class of battlecruiser?Admiral
53%
What was the name of the third planned Yamato-class battleship, converted into an aircraft carrier?Shinano
53%
The battle of Surigao Strait was the second and final battleship vs battleship engagement in the Pacific. Where did the first take place?Guadalcanal
42%
What is the name of the first battlecruiser ever built?Invincible
42%
Which Japanese battleship was sunk by gunfire in Surigao Strait on October 25 1944?Yamashiro
36%
The Bismarck class was to be succeeded by which class?H-Class
29%
After a refit in 1942, what did the German battleship Tirpitz have added that the Bismarck never did?Torpedo tubes
27%
What was the name of the Japanese naval program to expand the battleship fleet in the early 20th Century?eight eight
12%

Score Distribution

Percentile by Number Answered

Percent of People with Each Score

Your Score History

You have not taken this quiz since the last reset